000 01347cam a22003617a 4500
003 CHAP
005 20220329140942.0
008 971013s1988 r 00010 d
010 _a60350
011 _a61322
035 _a65486
040 _cCHAP
090 _aTesis
100 0 0 _aRincón Ramos, Francisco.
_997450
245 1 4 _aLos aprovechamientos forestales realizados en el ejido El Terrero municipio de Minatitlán, Colima, durante los últimos seis años (1982-1987)
260 _aChapingo, Méx. :
_bEl autor,
_c1988
300 _a114 h.
502 _aTesis (Ing. Agr. Esp. en Bosques) -- UACH. División de Ciencias Forestales
590 _aALEPH
_b10
_c20130110
_lUCH01
_h1339
590 _aBATCH-UPD
_b10
_c20130110
_lUCH01
_h0650
590 _aBATCH-UPD
_b10
_c20130410
_lUCH01
_h0335
590 _aBATCH-UPD
_b10
_c20130914
_lUCH01
_h1252
590 _aCONVERSION
_b10
_c20130109
_lUCH01
_h1332
650 1 4 _aEjido El Terrero, Minatitlán, Col.
_935902
650 1 4 _aIndustrias forestales
_xColima.
_957987
650 1 4 _aProductos forestales
_xColima.
_992072
650 1 4 _aRecursos forestales
_xColima.
_995041
901 _aBK
942 _cFOLL
949 _bBC
_cTES
_d-146186
_eTS1
_h29143
_i65486
_si
949 _bBC
_cTES
_d33724000089991
_eTS2
_fc.3
_h29145
_i65486
_si
949 _bBC
_cTES
_d33724000090007
_eTS2
_fc.2
_h29144
_i65486
_si
999 _c60350
_d60350